UBT Library

Frederick Douglass. (Record no. 40318)

000 -LEADER
fixed length control field 00531cam a22002171 4500
001 - CONTROL NUMBER
control field 6946616
005 - DATE AND TIME OF LATEST TRANSACTION
control field 20180115094528.0
008 - FIXED-LENGTH DATA ELEMENTS--GENERAL INFORMATION
fixed length control field 721017s1948 dcuac b 000 0beng
010 ## - LIBRARY OF CONGRESS CONTROL NUMBER
LC control number 48002544
035 ## - SYSTEM CONTROL NUMBER
System control number (OCoLC)445559
040 ## - CATALOGING SOURCE
Original cataloging agency DLC
Transcribing agency ODaWU
Modifying agency OCoLC
-- DLC
041 ## - LANGUAGE CODE
Language code of text/sound track or separate title eng
080 ## - UNIVERSAL DECIMAL CLASSIFICATION NUMBER
Universal Decimal Classification number 923.673 QUA
082 ## - DEWEY DECIMAL CLASSIFICATION NUMBER
Classification number 923.673 QUA
100 1# - Rafti
Rafti 16
101 ## - Shkurtesa
Shkurtesa HIS
245 10 - TITLE STATEMENT
Title Frederick Douglass.
504 ## - BIBLIOGRAPHY, ETC. NOTE
Bibliography, etc Bibliography: p. 351-362.
906 ## - LOCAL DATA ELEMENT F, LDF (RLIN)
a 7
b cbc
c oclcrpl
d u
e ncip
f 19
g y-gencatlg
942 ## - ADDED ENTRY ELEMENTS (KOHA)
Source of classification or shelving scheme
Item type Books
Holdings
Withdrawn status Lost status Source of classification or shelving scheme Damaged status Not for loan Collection code Permanent location Current location Shelving location Date acquired Total Checkouts Full call number Barcode Date last seen Price effective from Koha item type
          Koleksioni i përgjithshem UBT - Lipjan UBT - Lipjan Koleksioni i përgjithshem 01/15/2018   923.673 QUA 002-2995388 01/15/2018 01/15/2018 Books
UBT Library © 2015-2024. All rights reserved University Education for Business and Technology